Pakistan Army Green Book -2018 / (Record no. 592860)
[ view plain ]
| 000 -LEADER | |
|---|---|
| fixed length control field | 01002nam a22001457a 4500 |
| 003 - CONTROL NUMBER IDENTIFIER | |
| control field | NUST |
| 005 - DATE AND TIME OF LATEST TRANSACTION | |
| control field | 20221230143947.0 |
| 008 - FIXED-LENGTH DATA ELEMENTS--GENERAL INFORMATION | |
| fixed length control field | 221230b ||||| |||| 00| 0 eng d |
| 082 ## - DEWEY DECIMAL CLASSIFICATION NUMBER | |
| Classification number | 355.309549,PAK |
| 245 ## - TITLE STATEMENT | |
| Title | Pakistan Army Green Book -2018 / |
| Statement of responsibility, etc. | GHQ Rawalpindi |
| 260 ## - PUBLICATION, DISTRIBUTION, ETC. | |
| Place of publication, distribution, etc. | Rawalpindi, |
| Name of publisher, distributor, etc. | GHQ, |
| Date of publication, distribution, etc. | 2018 |
| 300 ## - PHYSICAL DESCRIPTION | |
| Extent | 190p. |
| 505 ## - FORMATTED CONTENTS NOTE | |
| Formatted contents note | Geo politics of Asia pacific (Page-4), Islamic peacekeeping force (Page-16), Terrorist mind and its couter narrative (Page-26), Counter terrorism and social media (Page-32), Evolution of operational art Since 1910 (Page-40), Trump's Af-Pak policy (Page-53), Growing indo US nexus and changing strategic environment (Page-70), South Asia Nuclear Saga (Page-77), CPEC (Page-88), Contemporary perspectives on Pak-India trade liberalisation (Page-96), Pakistan Iran relations (Page-112), Energy security of Pakistan in the back drop of CPEC (Page-123), Governance issues in Pakistan (Page-165), A Journy through ranks (Page-186). |
| 942 ## - ADDED ENTRY ELEMENTS (KOHA) | |
| Source of classification or shelving scheme | |
| Koha item type | Book |
| Call number prefix | 355.309549,PAK |
| Withdrawn status | Lost status | Source of classification or shelving scheme | Damaged status | Not for loan | Permanent Location | Current Location | Shelving location | Date acquired | Total Checkouts | Full call number | Barcode | Date last seen | Price effective from | Koha item type | Public note |
|---|---|---|---|---|---|---|---|---|---|---|---|---|---|---|---|
| Military College of Signals (MCS) | Military College of Signals (MCS) | General Stacks | 12/30/2022 | 355.309549,PAK | MCS38060 | 12/30/2022 | 12/30/2022 | Book | Almirah No.53, Shelf No.1 | ||||||
| Military College of Signals (MCS) | Military College of Signals (MCS) | General Stacks | 12/30/2022 | 355.309549,PAK | MCS38105 | 12/30/2022 | 12/30/2022 | Book | Almirah No.53, Shelf No.1 |
